|
|
|
|
| LEADER |
00830nab a2200229 i 4500 |
| 001 |
publ29326 |
| 005 |
20240117091433.0 |
| 008 |
240117s2023 hu o 0|| Angol d |
| 022 |
|
|
|a 2071-8330
|
| 024 |
7 |
|
|a 10.14254/2071-8330.2023/16-3/4
|2 doi
|
| 024 |
7 |
|
|a 34190734
|2 mtmt
|
| 040 |
|
|
|a SZTE Publicatio Repozitórium
|b hun
|
| 041 |
|
|
|a Angol
|
| 100 |
1 |
|
|a Kovács Péter
|
| 245 |
1 |
0 |
|a Relationships between factors of regional competitiveness in Central and Eastern Europe
|h [elektronikus dokumentum] /
|c Kovács Péter
|
| 260 |
|
|
|c 2023
|
| 300 |
|
|
|a 78-96
|
| 490 |
0 |
|
|a JOURNAL OF INTERNATIONAL STUDIES
|v 16 No. 3
|
| 650 |
|
4 |
|a Közgazdasági és gazdálkodástudományok
|
| 700 |
0 |
1 |
|a Bodnár Gábor
|e aut
|
| 700 |
0 |
1 |
|a Lengyel Imre
|e aut
|
| 856 |
4 |
0 |
|u http://publicatio.bibl.u-szeged.hu/29326/1/4_1372_Kovacsetal.pdf
|z Dokumentum-elérés
|